Computation of special functions. / (Record no. 2261)
[ view plain ]
| 000 -LEADER | |
|---|---|
| fixed length control field | 01874cam a2200313 a 4500 |
| 001 - CONTROL NUMBER | |
| control field | 1617961 |
| 005 - DATE AND TIME OF LATEST TRANSACTION | |
| control field | 20210414114135.0 |
| 008 - FIXED-LENGTH DATA ELEMENTS--GENERAL INFORMATION | |
| fixed length control field | 951211s1996 nyua b 001 0 eng |
| 010 ## - LIBRARY OF CONGRESS CONTROL NUMBER | |
| LC control number | 95049544 |
| 020 ## - INTERNATIONAL STANDARD BOOK NUMBER | |
| International Standard Book Number | 0471119636 (cloth : alk. paper) |
| 040 ## - CATALOGING SOURCE | |
| Original cataloging agency | DLC |
| Transcribing agency | DLC |
| Modifying agency | DLC |
| 050 00 - LIBRARY OF CONGRESS CALL NUMBER | |
| Classification number | QA351.C45 |
| 082 00 - DEWEY DECIMAL CLASSIFICATION NUMBER | |
| Classification number | 515/.5 |
| Edition number | 20 |
| 100 1# - MAIN ENTRY--PERSONAL NAME | |
| Personal name | Chang, Shan-chieh. |
| 245 10 - TITLE STATEMENT | |
| Title | Computation of special functions. / |
| Statement of responsibility, etc. | Shanjie Zhang, Jianming Jin. |
| 260 ## - PUBLICATION, DISTRIBUTION, ETC. | |
| Place of publication, distribution, etc. | New York : |
| Name of publisher, distributor, etc. | Wiley, |
| Date of publication, distribution, etc. | c1996. |
| 300 ## - PHYSICAL DESCRIPTION | |
| Extent | xxvi, 717 p. : |
| Other physical details | ill. ; |
| Dimensions | 24 cm. |
| 500 ## - GENERAL NOTE | |
| General note | "A Wiley-Interscience publication." |
| 504 ## - BIBLIOGRAPHY, ETC. NOTE | |
| Bibliography, etc. note | Includes bibliographical references and indexes. |
| 505 ## - FORMATTED CONTENTS NOTE | |
| Formatted contents note | Contents: Bernoulli and euler numbers -- Orthogonal polynomials -- Gamma, beta and psi functions -- Legendre functions -- Bessel functions -- Modified bessel functions -- Integrals of bessel functions -- Spherical bessel functions -- Kelvin functions -- Airy functions -- Struve functions -- Hypergeometric and confluent hypergeometric functions -- Parabolic cylinder functions -- Methieu functions -- Spheroidal wave functions -- Error function and fresnell integrals -- Cosine and sine integrals -- Elliptic integrals and jacobian elliptic functions -- Exponential integrals -- Appendixes. |
| 650 #0 - SUBJECT ADDED ENTRY--TOPICAL TERM | |
| Topical term or geographic name entry element | Functions, Special. |
| 700 1# - ADDED ENTRY--PERSONAL NAME | |
| Personal name | Jin, Jian-Ming, |
| Dates associated with a name | 1962- |
| 856 42 - ELECTRONIC LOCATION AND ACCESS | |
| Materials specified | Contributor biographical information |
| Uniform Resource Identifier | <a href="http://www.loc.gov/catdir/bios/wiley041/95049544.html">http://www.loc.gov/catdir/bios/wiley041/95049544.html</a> |
| 856 42 - ELECTRONIC LOCATION AND ACCESS | |
| Materials specified | Publisher description |
| Uniform Resource Identifier | <a href="http://www.loc.gov/catdir/description/wiley032/95049544.html">http://www.loc.gov/catdir/description/wiley032/95049544.html</a> |
| 856 4# - ELECTRONIC LOCATION AND ACCESS | |
| Materials specified | Table of Contents |
| Uniform Resource Identifier | <a href="http://www.loc.gov/catdir/toc/onix02/95049544.html">http://www.loc.gov/catdir/toc/onix02/95049544.html</a> |
| 906 ## - LOCAL DATA ELEMENT F, LDF (RLIN) | |
| a | 7 |
| b | cbc |
| c | orignew |
| d | 1 |
| e | ocip |
| f | 19 |
| g | y-gencatlg |
| 942 ## - ADDED ENTRY ELEMENTS (KOHA) | |
| Source of classification or shelving scheme | Library of Congress Classification |
| Koha item type | Books |
| Withdrawn status | Lost status | Source of classification or shelving scheme | Damaged status | Not for loan | Home library | Current library | Shelving location | Date acquired | Total Checkouts | Full call number | Barcode | Date last seen | Copy number | Price effective from | Koha item type |
|---|---|---|---|---|---|---|---|---|---|---|---|---|---|---|---|
| Library of Congress Classification | WISCONSIN INTERNATIONAL UNIVERSITY COLLEGE, GHANA - MAIN LIBRARY | WISCONSIN INTERNATIONAL UNIVERSITY COLLEGE, GHANA - MAIN LIBRARY | General Stacks | 31/08/2012 | QA351.C45 | 4849/12 | 31/08/2012 | 1 | 31/08/2012 | Books |
